Iberia (Spain and Portugal), year 1037 - with map - Statistics

General Stats
  • This quiz has been taken 221 times
  • The average score is 10 of 15
Answers on the Map
Answers color-coded by a green-red scale on the quiz's map according to % correct below.
 
Answer Stats
Answer % Correct
County of Castile
90%
Kingdom of Leon
90%
Kingdom of Aragon
87%
Taifa of Valencia
85%
Kingdom of Navarre
83%
Taifa of Granada
79%
County of Barcelona
78%
Taifa of Cordoba
75%
Taifa of Seville
74%
Taifa of Málaga
66%
Taifa of Toledo
65%
Taifa of Zaragoza
57%
Taifa of Badajoz
43%
Taifa of Saltés and Huelva
38%
Taifa of Albarracín
21%
No matching quizzes found
Score Distribution
Percent of People with Each Score
Percentile by Number Answered
Your Score History
You have not taken this quiz